Welcome to the Holygrace Academy Library

Please use search bar below to get started

MISSION INDIA (Record no. 5513)

MARC details
000 -LEADER
fixed length control field 00300nam a22001337a 4500
020 ## - INTERNATIONAL STANDARD BOOK NUMBER
ISBN 978-0-143-33499-6
082 ## - DEWEY DECIMAL CLASSIFICATION NUMBER
Classification number 158
Item number APJ/M
100 ## - MAIN ENTRY--AUTHOR NAME
Personal name ABDUL KALAM,APJ
245 ## - TITLE STATEMENT
Title MISSION INDIA
260 ## - PUBLICATION, DISTRIBUTION, ETC. (IMPRINT)
Place of publication LONDON
Name of publisher PUFFIN BOOKS
300 ## - PHYSICAL DESCRIPTION
Number of Pages 103
650 ## - SUBJECT ADDED ENTRY--TOPICAL TERM
Topical Term PERSONALITY DEVELOPMENT
Geographic subdivision LONDON
942 ## - ADDED ENTRY ELEMENTS (KOHA)
Koha item type Books
Holdings
Withdrawn status Lost status Collection code Home library Current library Shelving location Date acquired Source of acquisition Full call number Accession Number Koha item type
    Non-fiction Main Library Main Library SHELF-17-I-BIOGRAPHIES & AUTOBIOGRAPHIES 23/01/2019 PURCHASE 158 APJ/M 10573 Books